La democracia en América / (Record no. 135238)

MARC details
000 -LEADER
campo de control de longitud fija 00827nam a2200241 i 4500
001 - NÚMERO DE CONTROL
campo de control 135238
003 - IDENTIFICADOR DE NÚMERO DE CONTROL
campo de control ES-MaACL
005 - FECHA Y HORA DE LA ÚLTIMA TRANSACCIÓN
campo de control 20230906194834.0
007 - CAMPO FIJO DE DESCRIPCIÓN FÍSICA--INFORMACIÓN GENERAL
campo de control de longitud fija t|
008 - DATOS DE LONGITUD FIJA--INFORMACIÓN GENERAL
campo de control de longitud fija 070712s1963 mx |||| | spa d
080 ## - NÚMERO DE LA CLASIFICACIÓN DECIMAL UNIVERSAL
Número de la Clasificación Decimal Universal 342.34(73)
080 ## - NÚMERO DE LA CLASIFICACIÓN DECIMAL UNIVERSAL
Número de la Clasificación Decimal Universal 321.7(73)
100 1# - ENTRADA PRINCIPAL--NOMBRE DE PERSONA
Nombre de persona Tocqueville, Alexis de.
9 (RLIN) 110392
245 13 - MENCIÓN DEL TÍTULO
Título La democracia en América /
Mención de responsabilidad, etc. Alexis de Tocqueville ; prefacio, notas y bibliografía de J.P. Mayer ; introducción de Enrique González Pedrero ; traducción de Luis R. Cuéllar.
250 ## - MENCION DE EDICION
Mención de edición 2ª ed.
260 ## - PUBLICACIÓN, DISTRIBUCIÓN, ETC.
Lugar de publicación, distribución, etc. México :
Nombre del editor, distribuidor, etc. Fondo de Cultura Económica,
Fecha de publicación, distribución, etc. 1963.
300 ## - DESCRIPCIÓN FÍSICA
Extensión 751 p. ;
Dimensiones 24 cm.
650 04 - PUNTO DE ACCESO ADICIONAL DE MATERIA--TÉRMINO DE MATERIA
Término de materia o nombre geográfico como elemento de entrada Democracia-
Subdivisión geográfica Estados Unidos.
9 (RLIN) 11567
700 1# - ENTRADA AGREGADA--NOMBRE PERSONAL
Nombre de persona Mayer, J. P.
9 (RLIN) 79356
700 1# - ENTRADA AGREGADA--NOMBRE PERSONAL
Nombre de persona González Pedrero, Enrique.
9 (RLIN) 58866
700 1# - ENTRADA AGREGADA--NOMBRE PERSONAL
Nombre de persona Cuellar, Luis R.
9 (RLIN) 41979
852 ## - LOCALIZACIÓN
Ubicación ES-MaACL
Número de control de estantería C-24597
Holdings
Estatus retirado Estado de pérdida Estado de daño No para préstamo Biblioteca de origen Biblioteca actual Ubicación en estantería Fecha de adquisición Fuente de adquisición Total de préstamos Signatura topográfica completa Código de barras Visto por última vez Precio de reemplazo Tipo de ítem Koha
        Biblioteca del Ateneo de Madrid Biblioteca del Ateneo de Madrid Depósito 2 17/01/2008     C-24597 1140758 23/02/2023 23/02/2023 Libro impreso